<?xml version="1.0" encoding="UTF-8"?>
<collection xmlns="http://www.loc.gov/MARC21/slim">
 <record>
  <leader>03147nam a22006137a 4500</leader>
  <controlfield tag="001">000130567</controlfield>
  <controlfield tag="003">CZ-PrVSE</controlfield>
  <controlfield tag="005">20090924130730.0</controlfield>
  <controlfield tag="007">ta</controlfield>
  <controlfield tag="008">081107s2008    xxua   fri    001 0 eng d</controlfield>
  <datafield tag="020" ind1=" " ind2=" ">
   <subfield code="a">978-0-470-19274-0</subfield>
   <subfield code="q">(váz.)</subfield>
  </datafield>
  <datafield tag="040" ind1=" " ind2=" ">
   <subfield code="a">ABA006</subfield>
   <subfield code="b">cze</subfield>
   <subfield code="c">ABA006</subfield>
   <subfield code="d">ABA006</subfield>
  </datafield>
  <datafield tag="072" ind1=" " ind2="7">
   <subfield code="a">004.4/.6</subfield>
   <subfield code="x">Programování. Software</subfield>
   <subfield code="2">Konspekt</subfield>
   <subfield code="9">23</subfield>
  </datafield>
  <datafield tag="072" ind1=" " ind2="9">
   <subfield code="a">005</subfield>
   <subfield code="x">Computer programming, programs, data</subfield>
   <subfield code="2">Conspectus</subfield>
   <subfield code="9">23</subfield>
  </datafield>
  <datafield tag="080" ind1=" " ind2=" ">
   <subfield code="a">004.738.12:004.41</subfield>
   <subfield code="2">MRF</subfield>
  </datafield>
  <datafield tag="080" ind1=" " ind2=" ">
   <subfield code="a">004.738.12</subfield>
   <subfield code="2">MRF</subfield>
  </datafield>
  <datafield tag="080" ind1=" " ind2=" ">
   <subfield code="a">004.439:004.55XML</subfield>
   <subfield code="2">MRF</subfield>
  </datafield>
  <datafield tag="080" ind1=" " ind2=" ">
   <subfield code="a">004.438XSLT</subfield>
   <subfield code="2">MRF</subfield>
  </datafield>
  <datafield tag="080" ind1=" " ind2=" ">
   <subfield code="a">004.438XPath</subfield>
   <subfield code="2">MRF</subfield>
  </datafield>
  <datafield tag="080" ind1=" " ind2=" ">
   <subfield code="a">004.43</subfield>
   <subfield code="2">MRF</subfield>
  </datafield>
  <datafield tag="080" ind1=" " ind2=" ">
   <subfield code="a">(035)</subfield>
   <subfield code="2">MRF</subfield>
  </datafield>
  <datafield tag="099" ind1=" " ind2="9">
   <subfield code="a">004.4KAY</subfield>
  </datafield>
  <datafield tag="100" ind1="1" ind2=" ">
   <subfield code="a">Kay, Michael,</subfield>
   <subfield code="d">1951-</subfield>
   <subfield code="7">xx0039256</subfield>
   <subfield code="4">aut</subfield>
  </datafield>
  <datafield tag="245" ind1="1" ind2="0">
   <subfield code="a">XSLT 2.0 and XPath 2.0 :</subfield>
   <subfield code="b">programmer's reference /</subfield>
   <subfield code="c">Michael Kay</subfield>
  </datafield>
  <datafield tag="250" ind1=" " ind2=" ">
   <subfield code="a">4th ed.</subfield>
  </datafield>
  <datafield tag="260" ind1=" " ind2=" ">
   <subfield code="a">Indianapolis :</subfield>
   <subfield code="b">Wiley Publishing,</subfield>
   <subfield code="c">2008</subfield>
  </datafield>
  <datafield tag="300" ind1=" " ind2=" ">
   <subfield code="a">xxvii, 1316 s. :</subfield>
   <subfield code="b">il.</subfield>
  </datafield>
  <datafield tag="500" ind1=" " ind2=" ">
   <subfield code="a">Obsahuje rejstřík</subfield>
  </datafield>
  <datafield tag="500" ind1=" " ind2=" ">
   <subfield code="a">Terminologický slovník</subfield>
  </datafield>
  <datafield tag="650" ind1="0" ind2="7">
   <subfield code="a">webdesign</subfield>
   <subfield code="7">ph249420</subfield>
   <subfield code="2">czenas</subfield>
  </datafield>
  <datafield tag="650" ind1="0" ind2="7">
   <subfield code="a">webové stránky</subfield>
   <subfield code="7">ph117163</subfield>
   <subfield code="2">czenas</subfield>
  </datafield>
  <datafield tag="650" ind1="0" ind2="7">
   <subfield code="a">XML (značkovací jazyk)</subfield>
   <subfield code="7">ph118225</subfield>
   <subfield code="2">czenas</subfield>
  </datafield>
  <datafield tag="650" ind1="0" ind2="7">
   <subfield code="a">XSLT (programovací jazyk)</subfield>
   <subfield code="7">ph161693</subfield>
   <subfield code="2">czenas</subfield>
  </datafield>
  <datafield tag="650" ind1="0" ind2="7">
   <subfield code="a">programovací jazyky</subfield>
   <subfield code="7">ph115890</subfield>
   <subfield code="2">czenas</subfield>
  </datafield>
  <datafield tag="653" ind1="0" ind2=" ">
   <subfield code="a">XPath</subfield>
  </datafield>
  <datafield tag="655" ind1=" " ind2="7">
   <subfield code="a">příručky</subfield>
   <subfield code="7">fd133209</subfield>
   <subfield code="2">czenas</subfield>
  </datafield>
  <datafield tag="650" ind1="0" ind2="9">
   <subfield code="a">web design</subfield>
   <subfield code="2">eczenas</subfield>
  </datafield>
  <datafield tag="650" ind1="0" ind2="9">
   <subfield code="a">web pages</subfield>
   <subfield code="2">eczenas</subfield>
  </datafield>
  <datafield tag="650" ind1="0" ind2="9">
   <subfield code="a">XML (document markup language)</subfield>
   <subfield code="2">eczenas</subfield>
  </datafield>
  <datafield tag="650" ind1="0" ind2="9">
   <subfield code="a">XSLT (programming language)</subfield>
   <subfield code="2">eczenas</subfield>
  </datafield>
  <datafield tag="650" ind1="0" ind2="9">
   <subfield code="a">programming languages</subfield>
   <subfield code="2">eczenas</subfield>
  </datafield>
  <datafield tag="655" ind1=" " ind2="9">
   <subfield code="a">handbooks and manuals</subfield>
   <subfield code="2">eczenas</subfield>
  </datafield>
  <datafield tag="993" ind1=" " ind2=" ">
   <subfield code="a">003802574</subfield>
  </datafield>
  <datafield tag="996" ind1=" " ind2=" ">
   <subfield code="1">PKIZI</subfield>
   <subfield code="3">F200340a</subfield>
   <subfield code="4">N:P</subfield>
   <subfield code="5">3142224449</subfield>
   <subfield code="8">20081107</subfield>
   <subfield code="9">004.4KAY</subfield>
   <subfield code="f">83</subfield>
   <subfield code="g">18266</subfield>
   <subfield code="l">UEP01</subfield>
   <subfield code="m">BOOK</subfield>
   <subfield code="q">KIZI</subfield>
   <subfield code="s">DISLOK: Sklenák, Vilém - ISIS172</subfield>
   <subfield code="t">na dislokovaném</subfield>
   <subfield code="u">UEP01</subfield>
   <subfield code="w">20081112</subfield>
  </datafield>
  <datafield tag="996" ind1=" " ind2=" ">
   <subfield code="1">PKIZI</subfield>
   <subfield code="3">F200340b</subfield>
   <subfield code="4">N:P</subfield>
   <subfield code="5">3142224450</subfield>
   <subfield code="8">20081107</subfield>
   <subfield code="9">004.4KAY</subfield>
   <subfield code="f">83</subfield>
   <subfield code="g">18266</subfield>
   <subfield code="l">UEP01</subfield>
   <subfield code="m">BOOK</subfield>
   <subfield code="q">KIZI</subfield>
   <subfield code="s">DISLOK: Sklenák, Vilém - ISIS172</subfield>
   <subfield code="t">na dislokovaném</subfield>
   <subfield code="u">UEP01</subfield>
   <subfield code="w">20081112</subfield>
  </datafield>
  <datafield tag="996" ind1=" " ind2=" ">
   <subfield code="1">PKIZI</subfield>
   <subfield code="3">F200340ch</subfield>
   <subfield code="4">N:P</subfield>
   <subfield code="5">3142224457</subfield>
   <subfield code="8">20081107</subfield>
   <subfield code="9">004.4KAY</subfield>
   <subfield code="f">83</subfield>
   <subfield code="g">18266</subfield>
   <subfield code="l">UEP01</subfield>
   <subfield code="m">BOOK</subfield>
   <subfield code="q">KIZI</subfield>
   <subfield code="s">DISLOK: Kosek, Jiří - ISIS19728</subfield>
   <subfield code="t">na dislokovaném</subfield>
   <subfield code="u">UEP01</subfield>
   <subfield code="w">20081110</subfield>
  </datafield>
  <datafield tag="996" ind1=" " ind2=" ">
   <subfield code="1">PKIZI</subfield>
   <subfield code="3">F200340h</subfield>
   <subfield code="4">N:P</subfield>
   <subfield code="5">3142224456</subfield>
   <subfield code="8">20081107</subfield>
   <subfield code="9">004.4KAY</subfield>
   <subfield code="f">83</subfield>
   <subfield code="g">18266</subfield>
   <subfield code="l">UEP01</subfield>
   <subfield code="m">BOOK</subfield>
   <subfield code="q">KIZI</subfield>
   <subfield code="s">DISLOK: Kosek, Jiří - ISIS19728</subfield>
   <subfield code="t">na dislokovaném</subfield>
   <subfield code="u">UEP01</subfield>
   <subfield code="w">20081110</subfield>
  </datafield>
  <datafield tag="996" ind1=" " ind2=" ">
   <subfield code="1">PKIZI</subfield>
   <subfield code="3">F200340p</subfield>
   <subfield code="4">N:P</subfield>
   <subfield code="5">3142224465</subfield>
   <subfield code="8">20081107</subfield>
   <subfield code="9">004.4KAY</subfield>
   <subfield code="f">83</subfield>
   <subfield code="g">18266</subfield>
   <subfield code="l">UEP01</subfield>
   <subfield code="m">BOOK</subfield>
   <subfield code="q">KIZI</subfield>
   <subfield code="s">DISLOK: Kosek, Jiří - ISIS19728</subfield>
   <subfield code="t">na dislokovaném</subfield>
   <subfield code="u">UEP01</subfield>
   <subfield code="w">20081110</subfield>
  </datafield>
  <datafield tag="996" ind1=" " ind2=" ">
   <subfield code="1">PKIZI</subfield>
   <subfield code="3">F200340q</subfield>
   <subfield code="4">N:P</subfield>
   <subfield code="5">3142224466</subfield>
   <subfield code="8">20081107</subfield>
   <subfield code="9">004.4KAY</subfield>
   <subfield code="f">83</subfield>
   <subfield code="g">18266</subfield>
   <subfield code="l">UEP01</subfield>
   <subfield code="m">BOOK</subfield>
   <subfield code="q">KIZI</subfield>
   <subfield code="s">DISLOK: Kosek, Jiří - ISIS19728</subfield>
   <subfield code="t">na dislokovaném</subfield>
   <subfield code="u">UEP01</subfield>
   <subfield code="w">20081110</subfield>
  </datafield>
  <datafield tag="996" ind1=" " ind2=" ">
   <subfield code="1">PKIZI</subfield>
   <subfield code="3">F200340s</subfield>
   <subfield code="4">N:P</subfield>
   <subfield code="5">3142224468</subfield>
   <subfield code="8">20081107</subfield>
   <subfield code="9">004.4KAY</subfield>
   <subfield code="f">83</subfield>
   <subfield code="g">18266</subfield>
   <subfield code="l">UEP01</subfield>
   <subfield code="m">BOOK</subfield>
   <subfield code="q">KIZI</subfield>
   <subfield code="s">DISLOK: Kosek, Jiří - ISIS19728</subfield>
   <subfield code="t">na dislokovaném</subfield>
   <subfield code="u">UEP01</subfield>
   <subfield code="w">20081110</subfield>
  </datafield>
  <datafield tag="996" ind1=" " ind2=" ">
   <subfield code="1">PSKLA</subfield>
   <subfield code="3">F200340f</subfield>
   <subfield code="4">N:P</subfield>
   <subfield code="5">3142224454</subfield>
   <subfield code="8">20081107</subfield>
   <subfield code="9">004.4KAY</subfield>
   <subfield code="f">81</subfield>
   <subfield code="g">18266</subfield>
   <subfield code="l">UEP01</subfield>
   <subfield code="m">BOOK</subfield>
   <subfield code="q">Knihovna Žižkov - sklad</subfield>
   <subfield code="t">na 1 měsíc</subfield>
   <subfield code="u">UEP01</subfield>
   <subfield code="w">20081110</subfield>
  </datafield>
  <datafield tag="996" ind1=" " ind2=" ">
   <subfield code="1">PSTUD</subfield>
   <subfield code="3">F200340d</subfield>
   <subfield code="4">N:P</subfield>
   <subfield code="5">3142224452</subfield>
   <subfield code="8">20081107</subfield>
   <subfield code="9">004.4KAY</subfield>
   <subfield code="f">81</subfield>
   <subfield code="g">18266</subfield>
   <subfield code="l">UEP01</subfield>
   <subfield code="m">BOOK</subfield>
   <subfield code="q">Studovna Žižkov</subfield>
   <subfield code="t">na 1 měsíc</subfield>
   <subfield code="u">UEP01</subfield>
   <subfield code="w">20081112</subfield>
  </datafield>
 </record>
</collection>
